[Event "Mauricie ch"]
[Site "Shawinigan"]
[Date "1976.04.03"]
[Round "3"]
[White "Grenier, Claude"]
[Black "Desmarais, Richard"]
[Result "0-1"]
[WhiteElo "1403"]
[BlackElo "1662"]
[PlyCount "38"]
[EventDate "1976.04.03"]
[EventType "swiss"]
[EventRounds "5"]
[EventCountry "CAN"]
[SourceTitle "EXT 2022"]
[Source "ChessBase"]
[SourceDate "2021.10.06"]
[SourceVersion "1"]
[SourceVersionDate "2021.10.06"]
[SourceQuality "1"]

1. e4 e5 2. Nf3 Nc6 3. Bb5 a6 4. Ba4 Nf6 5. 0-0 Be7 6. Re1 b5 7. Bb3 0-0 8. c3 d5 9. exd5 Nxd5 10. h3 e4 11. Rxe4 Bf5 12. Re1 Bd3 13. Ne5 Nxe5 14. Rxe5 Nf4 15. Qf3 Bd6 16. Qxf4 Bxe5 17. Qxe5 Re8 18. Qg3 Re1+ 19. Kh2 Rxc1 0-1

[Event "Mauricie op"]
[Site "Shawinigan"]
[Date "1975.11.01"]
[Round "2"]
[White "Jodoin, Pierre"]
[Black "Grenier, Claude"]
[Result "1-0"]
[WhiteElo "1678"]
[BlackElo "1450"]
[PlyCount "41"]
[EventDate "1975.11.01"]
[EventType "swiss"]
[EventRounds "5"]
[EventCountry "CAN"]
[SourceTitle "EXT 2022"]
[Source "ChessBase"]
[SourceDate "2021.10.06"]
[SourceVersion "1"]
[SourceVersionDate "2021.10.06"]
[SourceQuality "1"]

1. e4 c5 2. Nf3 Nc6 3. d4 cxd4 4. Nxd4 d6 5. Be3 Nf6 6. Nc3 e6 7. Bc4 a6 8. Qe2 Qc7 9. Bb3 Bd7 10. 0-0-0 Be7 11. g4 Nxd4 12. Bxd4 e5 13. Be3 Bxg4 14. f3 Bd7 15. Rhg1 g6 16. Qf2 Bc6 17. Kb1 0-0 18. f4 Nxe4 19. Nxe4 Bxe4 20. f5 Bf6 21. fxg6 1-0